Qui est le coupable Sherlock yack - Statistiques

Statistiques générales
  • Ce quiz a été pris 14 fois
  • Le résultat moyen est 14 sur 20
Statistiques - réponses
Indice Réponse % Correct
Qui a harcelé le Yack Castor
100%
Qui à statufié le boa Singe hurleur
100%
Qui a taillé la roue du paon grue
100%
qui a fait couler le pélican Singe hurleur
100%
Qui a ridiculisée le lion Tigre
90%
Qui à cambriolé le tapir Crocodile
80%
Qui a bouché la trompe de l'éléphant paresseux
80%
qui a crevé la cornemuse boa
70%
Qui a noué la pieuvre Autruche
70%
Qui a gribouillé l'oiseau de paradis Caméléon
70%
Qui a dezbré le zèbre Okapi
70%
Qui a volé la grue Pingouin
70%
Qui a lacéré la collection du gorfou couleuvre
60%
qui a fait péter le cigogne grizzli
60%
Qui à assommé le singe hurleur koala
50%
Qui à entarter le zébu Porc-épic
50%
Qui a assommé le gorille Babouin
40%
Qui a fait éternuer le haras Ménate
40%
Qui à Berné l'hippopotame orang-outan
40%
Qui a congelé madame pingouin Marabout
30%
Aucun quiz correspondant
Distribution des résultats
% des personnes avec chaque résultat
Percentile par nombre de réponses
Votre historique - résultats
Vous n’avez pas pris ce quiz